| 000 | 00562nam a2200205 a 4500 | ||
|---|---|---|---|
| 001 | 62608 | ||
| 003 | BD-RjUL | ||
| 005 | 20211209081114.0 | ||
| 008 | 170124s1964 ii 001 0 eng | ||
| 035 | _a(BD-RjUL) | ||
| 040 |
_aDLC _cWaU _dBD-RjUL _beng |
||
| 041 | _aeng | ||
| 082 |
_223 _a351.1 _bSHF 1964 |
||
| 100 | 1 |
_aSharma, Vidya S. _9186120 |
|
| 245 | 1 | 2 |
_aA forensic guide to government servants / _cby V.S. Sharma. |
| 260 |
_aDelhi : _bAtma Ram, _cc1964 |
||
| 300 |
_axii, 282 p. ; _c23 cm. |
||
| 650 | 0 |
_aCivil service _zIndia. _9183269 |
|
| 942 |
_2ddc _cBK |
||
| 999 |
_c62608 _d62608 |
||